| 000 | 00977nam a2200229Ia 4500 | ||
|---|---|---|---|
| 003 | Ost | ||
| 005 | 20260416102356.0 | ||
| 008 | 260416s9999||||xx |||||||||||||| ||und|| | ||
| 040 | _cfsecg | ||
| 041 | _aara | ||
| 082 | _a310 | ||
| 100 |
_aسموك، نوال _eمؤلف |
||
| 245 | 0 |
_aمحاضرات في الإحصاء 3 / _c نوال سموك |
|
| 260 |
_aالجزائر _bجامعة الجزائر3: كلية العلوم الإقتصادية، العلوم التجارية وعلوم التسيير _c2020 |
||
| 300 |
_a112 ورقة _bايضاحات _c30 سم |
||
| 504 | _aمراجع ص.110 | ||
| 520 | _aاختيار العينات، توزيع المعاينة، نظرية التقدير، اختبار الفرضيات | ||
| 653 | _aالاحصاء | ||
| 653 | _aالعينات | ||
| 710 |
_aجامعة الجزائر3: كلية العلوم الإقتصادية، العلوم التجارية وعلوم التسيير _eناشر علمي |
||
| 942 | _cHANDOUT | ||
| 999 |
_c41205 _d41205 |
||